00410 2200157 4500245008100000020001800081250001200099100001700111650001700128005001900145260003000164041001400194084000800208300002700216336000900243 aKambing Jantan b : Sebuah Catatan Harian Pelajar BodohcRaditya DikahText a979-3600-69-1 aCet. 25 aRaditya Dika aNovel Komedi a20230118081704 aJakartabGagasMediac2005 aIndonesia a813 axx, 235 hlm. :c19 cm. atext